| 000 | 00899nac a22002657a 4500 | ||
|---|---|---|---|
| 001 | BR6900130 | ||
| 003 | BR-BrBNA | ||
| 005 | 20240105113337.0 | ||
| 008 | 230509b bl.|||m| |||| 00| 0 por d | ||
| 040 |
_aBR-BrBNA _bpor _cBiblioteca Nacional de Agricultura |
||
| 072 | _aF00 | ||
| 090 | _aF00 BR6900130 | ||
| 110 | 1 |
_aMinisterio da Agricultura, Brasilia, DF (Brasil). Equipe Tecnica de Estatistica Agropecuaria _96792 |
|
| 245 | 1 | _aSafras. Estimativas para o ano agricola 1968/69 [Brasil] | |
| 260 | 3 |
_aBrasilia, DF (Brasil): _c1969. |
|
| 300 | _a114 p. | ||
| 490 |
_aPublicacao - Ministerio da Agricultura. Equipe Tecnica de Estatistica Agropecuaria (Brazil) _vno. 31 _x |
||
| 500 | _aNumerical data | ||
| 650 | _aProducao vegetal | ||
| 650 | _aSafra | ||
| 650 | _aColheita | ||
| 650 | _aPrevisao de safra | ||
| 909 |
_a202312 _bLúcia Elande _c55 _dLúcia Elande |
||
| 942 |
_2AGRIS _n0 _cMS |
||
| 999 |
_c263204 _d263204 |
||